Szczegóły MARC21

Turystyka sportowa ze szczególnym uwzględnieniem międzynarodowych widowisk sportowych /

003 -Nazwa inst., której nr kontr. jest w polu 001 [,]
    • @
    • Nazwa instytucji, której n kontrolny jest w polu 001
    • NUKAT
005 -DATA I CZAS OSTATNIEJ MODYFIKACJI [,]
    • @
    • pole kontrolne
    • 20241231091911.0
020 -Międzynarod. znormalizowany nr książki - ISBN [ , ]
    • a
    • Numer ISBN
    • 9788364036385 Find
040 -Instytucja sporządzająca opis [ , ]
    • a
    • Instytucja, która sporządziła opis (NP)
    • KR U/JAK
    • c
    • Instytucja, która sporządziła rekord (NP)
    • KR U/JAK
    • d
    • Instytucja, która zmodyfikowała rekord (P)
    • KR U/BU
    • d
    • Instytucja, która zmodyfikowała rekord (P)
    • KR U/JAKs
    • d
    • Instytucja, która zmodyfikowała rekord (P)
    • KR 122/AKs
    • d
    • Instytucja, która zmodyfikowała rekord (P)
    • SZCZ U/ML
942 -Rodzaj dokumentu [ , ]
    • c
    • Rodzaj dokumentu
    • Książka
100 -Hasło główne - nazwa osobowa [1, ]
    • a
    • Nazwa osobowa (NP)
    • Hadzik, Andrzej
    • d
    • Daty biograficzne (NP)
    • (1972-2017).
    • 9
    • KHW
    • 7334
245 -Strefa tytułu i oznaczenia odpowiedzialności [1,0]
    • a
    • Tytuł
    • Turystyka sportowa ze szczególnym uwzględnieniem międzynarodowych widowisk sportowych / Find
    • c
    • Pozostałe elementy strefy tytułu i oznaczenia odpowiedzialności (NP)
    • Andrzej Hadzik ; Akademia Wychowania Fizycznego im. Jerzego Kukuczki w Katowicach.
260 -Strefa adresu wydawniczego [ , ]
    • a
    • Miejsce wydania (P)
    • Katowice :
    • b
    • Nazwa wydawcy (P)
    • Wydawnictwo Akademii Wychowania Fizycznego,
    • c
    • Data wydania (P)
    • 2014.
300 -Strefa opisu fizycznego [ , ]
    • a
    • Określenie formy książki i/lub objętość (NP)
    • 131 s. :
    • b
    • Oznaczenie ilustracji (NP)
    • il. ;
    • c
    • Format (NP)
    • 24 cm.
336 -Typ zawartości [ , ]
    • a
    • Termin opisujący typ zawartości
    • Tekst
    • b
    • Kod określający zawartość
    • txt
    • 2
    • Źródło (terminu i kodu)
    • rdacontent
337 -Typ mediów [ , ]
    • a
    • Tryb odtwarzania
    • Bez urządzenia pośredniczącego
    • b
    • Kod typu mediów
    • n
    • 2
    • Źródło (terminu i kodu)
    • rdamedia
338 -Typ/rodzaj nośnika [ , ]
    • a
    • Hasło opisujące typ nośnika
    • Wolumin
    • b
    • Kod typu nośnika
    • nc
    • 2
    • Źródło (terminu i kodu)
    • rdacarrier
504 -Uwaga dot. bibliogr. załącznikowej [ , ]
    • a
    • Uwaga dot. bibliografii załącznikowej
    • Bibliogr. s. 113-129.
080 -Uniwersalna Klasyfikacja Dziesiętna [ , ]
    • 2
    • Identyfikator wydania tablic
    • UDC-P058
    • 9
    • UKD
    • 3269
    • a
    • Symbol klasyfikacji
    • 338.48-52
    • b
    • Dopowiedzenie
    • Turystyka sportowa.
080 -Uniwersalna Klasyfikacja Dziesiętna [ , ]
    • 2
    • Identyfikator wydania tablic
    • UDC-P058
    • 9
    • UKD
    • 3271
    • a
    • Symbol klasyfikacji
    • 338.48-6
    • b
    • Dopowiedzenie
    • Rodzaje turystyki (motywy aktywności).
080 -Uniwersalna Klasyfikacja Dziesiętna [ , ]
    • 2
    • Identyfikator wydania tablic
    • UDC-P058
    • 9
    • UKD
    • 6294
    • a
    • Symbol klasyfikacji
    • 796.093
    • b
    • Dopowiedzenie
    • Zawody sportowe.
080 -Uniwersalna Klasyfikacja Dziesiętna [ , ]
    • 2
    • Identyfikator wydania tablic
    • UDC-P058
    • 9
    • UKD
    • 6289
    • a
    • Symbol klasyfikacji
    • 796.073
    • b
    • Dopowiedzenie
    • Kibice.
650 -Hasło przedmiotowe [ ,7]
    • a
    • Hasło przedmiotowe
    • Sport
    • x
    • Określnik rzeczowy
    • publiczność
    • v
    • Określnik formalny
    • rozprawy akademickie.
    • 2
    • Źródło terminu
    • kaba
    • 9
    • KHW
    • 390143
650 -Hasło przedmiotowe [ ,7]
    • a
    • Hasło przedmiotowe
    • Sport i turystyka
    • v
    • Określnik formalny
    • rozprawy akademickie.
    • 2
    • Źródło terminu
    • kaba
    • 9
    • KHW
    • 390144
650 -Hasło przedmiotowe [ ,7]
    • a
    • Hasło przedmiotowe
    • Kibice
    • x
    • Określnik rzeczowy
    • podróże.
    • 2
    • Źródło terminu
    • kaba
    • 9
    • KHW
    • 390145
980 -Symbol UKD [ , ]
    • a
    • UKD
    • 338.48-52:338.48-6:796.093:796.073
710 -Hasło dodatkowe - nazwa ciała zbiorowego [2, ]
    • a
    • Nazwa ciała zbiorowego lub nazwa geograficzna jako pierwszy element (NP)
    • Akademia Wychowania Fizycznego im. Jerzego Kukuczki (Katowice).
    • b
    • Nazwa jednostki podrzędnej (P)
    • Dział Nauki, Wydawnictw i Współpracy z Zagranicą.
    • 4
    • Kod relacji
    • pbl
    • 9
    • KHW
    • 77522
920 -ISBN [ , ]
    • a
    • ISBN
    • 978-83-64036-38-5 Find
Numer inwentarzowy Data inwentaryzacji Sygnatura Lokalizacja Status udost.
WF.98632015-12-09Turystyka kwalifikowana 13BM1
T.201832018-04-26T.20183T-2